FAO/WHO guidance to governments on the application of HACCP in small and/or less-developed food businesses. (Record no. 15022)

000 -LEADER
fixed length control field 00827cam a22002297a 4500
020 ## - INTERNATIONAL STANDARD BOOK NUMBER
ISBN 9789251055960 (FAO)
020 ## - INTERNATIONAL STANDARD BOOK NUMBER
ISBN 9251055963 (FAO)
020 ## - INTERNATIONAL STANDARD BOOK NUMBER
ISBN 9789241595032 (WHO)
020 ## - INTERNATIONAL STANDARD BOOK NUMBER
ISBN 9241595035
040 ## - CATALOGING SOURCE
Transcribing agency UAB
082 ## - DEWEY DECIMAL CLASSIFICATION NUMBER
Classification number 664 FOO 2006 A054 Or.
245 00 - TITLE STATEMENT
Title FAO/WHO guidance to governments on the application of HACCP in small and/or less-developed food businesses.
260 ## - PUBLICATION, DISTRIBUTION, ETC. (IMPRINT)
Place of publication Rome :
Name of publisher World Health Organization :
-- Food and Agriculture Organization of the United Nations,
Year of publication 2006.
300 ## - PHYSICAL DESCRIPTION
Number of Pages xiii, 74 p. ;
Dimensions 30 cm.
650 #0 - SUBJECT ADDED ENTRY--TOPICAL TERM
Topical Term Food handling.
650 #0 - SUBJECT ADDED ENTRY--TOPICAL TERM
Topical Term Food contamination.
650 #0 - SUBJECT ADDED ENTRY--TOPICAL TERM
Topical Term Food poisoning.
710 2# - ADDED ENTRY--CORPORATE NAME
Corporate name or jurisdiction name as entry element World Health Organization.
710 2# - ADDED ENTRY--CORPORATE NAME
Corporate name or jurisdiction name as entry element Food and Agriculture Organization of the United Nations.
856 41 - ELECTRONIC LOCATION AND ACCESS
Uniform Resource Identifier http://www.loc.gov/catdir/toc/fy0710/2007399852.html
942 ## - ADDED ENTRY ELEMENTS (KOHA)
Koha item type សៀវភៅភាសាអង់គ្លេស
952 ## - LOCATION AND ITEM INFORMATION (KOHA)
Withdrawn status [LOCAL, KOHA] 0
Holdings
Permanent Location Date acquired Koha item type Lost status Shelving location Barcode Current Location Full call number
Library Block A2017-11-02សៀវភៅភាសាអង់គ្លេស A054A09114Library Block A664 FOO 2006 A054 Or.
មជ្ឈមណ្ឌលឯការនៃសាកលវិទ្យាល័យភូមិន្ទកសិកម្មចំការដូង

Powered by Koha